[Event "Cannes team g/60"]
[Site "Cannes"]
[Date "1992.??.??"]
[Round "1"]
[White "Seirawan, Yasser"]
[Black "Timman, Jan H"]
[Result "0-1"]
[WhiteElo "2600"]
[BlackElo "2620"]

1.d4 Nf6 2.c4 g6 3.Nc3 Bg7 4.e4 d6 5.f3 O-O 6.Be3 e5 7.Nge2 c6 8.Qd2 Nbd7
9.O-O-O a6 10.Kb1 b5 11.Nc1 bxc4 12.dxe5 Nxe5 13.Qxd6 Qa5 14.Qc5 Qc7 15.Qb6 Qxb6
16.Bxb6 Be6 17.Na4 Nfd7 18.Bd4 Rfb8 19.Bc3 a5 20.f4 Ng4 21.Bxc4 Bxc4 22.Rxd7 Nf2
23.Re1 Be6 24.Re7 Bf8 25.Rxe6 fxe6 26.Kc2 Ng4 27.h3 Nh6 28.Nb3 Bb4 29.Nd4 Bxc3
30.Nxc3 Rf8 31.Nxe6 Rf6 32.Nd4 Rxf4 33.Nxc6 Rf2+ 34.Re2 Rxe2+ 35.Nxe2 Nf7
36.Kd3 Nd8 37.Ncd4 Kf7 38.Nf4 Rc8 39.a3 Nc6 40.Nxc6 Rxc6 41.b4 Rc1 42.bxa5 Rc5
43.a6 Rc6 44.Ke3 Rxa6 45.Nd5 Rxa3+ 46.Kf4 Ra2 47.g3 h6 48.h4 Rc2 49.Kf3 Ke6
50.Nf4+ Kf6 51.e5+ Kf7 52.Nd5 Ra2 53.Nc7 Ra3+ 54.Kf4 Ra4+ 55.Kf3 Rd4 56.Ke3 Rg4
57.Kf3 h5 58.Kg2 Ke7 59.Nd5+ Ke6 60.Nf4+ Kxe5 61.Nd3+ Kf5 62.Nf2 Ra4 63.Kf3 Ra3+
64.Kg2 Ke5 65.Kh2 Kd4 66.Kg2 Ke3 67.Nd1+ Ke2 68.Nf2 Ra2 69.Nh3 Ke3+ 70.Kh1 Kf3
71.Nf4 Kxg3 72.Nxg6  0-1

[Event "Cannes team g/60"]
[Site "Cannes"]
[Date "1992.??.??"]
[Round "2"]
[White "Kouatly, Bachar"]
[Black "Seirawan, Yasser"]
[Result "0-1"]
[WhiteElo "2515"]
[BlackElo "2600"]

1.d4 Nf6 2.c4 e6 3.g3 Bb4+ 4.Bd2 Qe7 5.Nf3 Nc6 6.Nc3 Bxc3 7.Bxc3 Ne4 8.Rc1 O-O
9.Bg2 d6 10.d5 Nxc3 11.Rxc3 Nb8 12.Nd4 e5 13.Nc2 f5 14.O-O Nd7 15.b4 Nf6
16.f4 Bd7 17.Ne3 Rae8 18.c5 exf4 19.Rxf4 g5 20.Rf2 Ne4 21.Bxe4 Qxe4 22.cxd6 cxd6
23.Nc4 Rf6 24.Qd2 f4 25.a3 Bb5 26.Na5 b6 27.Nc6 Bxe2 28.Nd4 Qxd5 29.gxf4 gxf4
30.Rxf4 Rg6+ 31.Rg3 Ba6 32.Rfg4 Bb7 33.Rxg6+ hxg6 34.Rxg6+ Kf7 35.Qh6  0-1

[Event "Cannes team g/60"]
[Site "Cannes"]
[Date "1992.??.??"]
[Round "4"]
[White "Timman, Jan H"]
[Black "Seirawan, Yasser"]
[Result "0-1"]
[WhiteElo "2620"]
[BlackElo "2600"]

1.e4 c6 2.d3 d5 3.Nd2 e5 4.Ngf3 Bd6 5.Qe2 Nf6 6.d4 dxe4 7.Nxe5 Bf5 8.h3 h5
9.Ndc4 Be7 10.Bd2 Nbd7 11.O-O-O Nb6 12.Ne3 Be6 13.Ba5 Bxa2 14.Nf5 g6 15.Ng3 Qd5
16.Qe1 h4 17.Ne2 Na4 18.c4 Qd6 19.Kc2 c5 20.Bc3 Nxc3 21.Qxc3 Rd8 22.d5 Rh5
23.Ng4 b5 24.b3 bxc4 25.Nxf6+ Qxf6 26.Qxc4 Qxf2 27.Qa4+ Kf8 28.Qxa2 Rhxd5
29.Rxd5 Rxd5 30.Qxa7 Qe3 31.Nc1 Rd2+ 32.Kb1 Qc3  0-1

[Event "Cannes team g/60"]
[Site "Cannes"]
[Date "1992.??.??"]
[Round "5"]
[White "Seirawan, Yasser"]
[Black "Kouatly, Bachar"]
[Result "1/2-1/2"]
[WhiteElo "2600"]
[BlackElo "2515"]

1.c4 Nf6 2.Nc3 d5 3.cxd5 Nxd5 4.Nf3 g6 5.e4 Nb6 6.d4 Bg4 7.Be3 Bg7 8.Bb5+ c6
9.Be2 O-O 10.O-O Bxf3 11.Bxf3 Nc4 12.e5 Nxe3 13.fxe3 Na6 14.Be2 Nc7 15.Bc4 b5
16.Bb3 c5 17.Qg4 c4 18.Bc2 f6 19.exf6 exf6 20.Qf3 f5 21.a3 a5 22.Kh1 Kh8
23.b3 f4 24.Ne2 fxe3 25.Qxe3 Re8 26.Qf3 Qd5 27.Rae1 Qxf3 28.gxf3 cxb3 29.Bxb3 Re3
30.Nc1 Bxd4 31.a4 Rae8 32.Rd1 Ba7 33.axb5 Nxb5 34.Ba4 Nc3 35.Bxe8 Nxd1 36.Bxg6 hxg6
37.Rxd1 Rxf3 38.Rd7 Be3 39.Nd3 Rf1+ 40.Kg2 Rd1 41.Kf3 Bh6 42.Ke4 Rd2 43.h3 Rh2
44.Ne5 Bg7 45.Nxg6+ Kg8 46.Nf4 Bh6 47.Ra7 Bxf4 48.Kxf4 Rxh3 49.Rxa5  1/2-1/2

[Event "JUG-chT"]
[Site "Cetinje"]
[Date "1992.??.??"]
[Round "?"]
[White "Seirawan, Yasser"]
[Black "Djuric, Stefan"]
[Result "1/2-1/2"]
[WhiteElo "2605"]
[BlackElo "2535"]

1.d4 Nf6 2.c4 e6 3.Nf3 d5 4.Nc3 Nbd7 5.cxd5 exd5 6.Bf4 Bb4 7.Qa4 a5 8.e3 O-O
9.Qc2 a4 10.a3 Bxc3+ 11.Qxc3 c5 12.dxc5 Ne4 13.Qb4 Ndxc5 14.Be2 Na6 15.Qxa4 Bd7
16.Qd1 Qa5+ 17.Kf1 Rfc8 18.Nd4 Qb6 19.f3 Nec5 20.b4 Na4 21.Kf2 Nc3 22.Qd2 Nxe2
23.Qxe2 Nc7 24.Bxc7 Rxc7 25.Qd2 Qd6 26.h3 Rc4 27.f4 h6 28.Rhc1 g5 29.Nf3 gxf4
30.Rxc4 fxe3+ 31.Kxe3 Qe6+ 32.Kf2 dxc4 33.Qd4 Qf5 34.Qxc4 Rc8 35.Qg4+ Qxg4
36.hxg4 Bxg4 37.Nd4 Rc3 38.b5 Rd3 39.Nf3 Rb3 40.a4 Rb2+ 41.Ke3 Rxg2 42.Nd2 Re2+
43.Kd3 Re7 44.Kd4 Rd7+ 45.Kc3 f5 46.Nb3 h5 47.a5 h4 48.Nc5 Rc7 49.Kd4 h3
50.Rh1 Rh7 51.Ke3 Re7+ 52.Kf4 Rc7 53.Nxb7 Rxb7 54.b6 Kf8 55.Rh2 Ke7 56.Rb2 Kd7
57.Rc2 Rb8 58.Kg3 Kd6 59.Rc1 Be2 60.Kxh3 f4 61.Kg2 Rf8 62.Rb1 Rb8 63.b7 Kc7
64.a6 Bxa6 65.Kf3 Bxb7+ 66.Kxf4 Kd6 67.Rb6+ Kc5 68.Rb2 Rf8+ 69.Ke5 Re8+ 70.Kf4 Bd5
71.Rh2 Re1 72.Rc2+ Kd6 73.Rh2 Re4+ 74.Kf5 Re3 75.Rh6+ Kc5 76.Rh4 Be6+ 77.Kg5 Kd5
78.Ra4 Rg3+ 79.Kf6 Rf3+ 80.Kg5 Rg3+ 81.Kf6 Rf3+ 82.Kg5 Kd6 83.Ra6+ Ke7 84.Ra7+ Bd7
85.Ra6 Rf5+ 86.Kh4 Be6 87.Kg3 Kf6 88.Ra4 Re5 89.Kf4 Rh5 90.Ra6 Rh4+ 91.Ke3 Rb4
92.Ra5 Bc4 93.Rc5 Ra4 94.Rh5 Be6 95.Rb5 Bf5 96.Kf3 Kg5 97.Ke3 Rh4 98.Rc5 Rh3+
99.Kd4 Kf4 100.Rc3 Rh8 101.Rc5 Be4 102.Rc7 Rd8+ 103.Kc5 Rd5+ 104.Kb6 Rg5
105.Re7 Rd5 106.Re8 Ke3 107.Kc7 Rc5+ 108.Kb6 Rh5 109.Rd8 Re5 110.Rd1 Bd3
111.Re1+ Be2 112.Kc7 Kd4 113.Kd6 Re3 114.Ra1 Rf3 115.Ra2 Bd3  1/2-1/2

[Event "JUG-chT"]
[Site "Cetinje"]
[Date "1992.??.??"]
[Round "?"]
[White "Muhutdinov, Marat"]
[Black "Seirawan, Yasser"]
[Result "1/2-1/2"]
[WhiteElo "2425"]
[BlackElo "2605"]

1.e4 c6 2.c4 d5 3.cxd5 cxd5 4.exd5 Nf6 5.Qa4+ Nbd7 6.Nc3 g6 7.Nf3 Bg7 8.Qb3 Nb6
9.Bc4 Nxc4 10.Qxc4 O-O 11.O-O b6 12.Ne5 Bb7 13.Nc6 Qd7 14.Re1 Rfe8 15.d4 Nxd5
16.Qxd5 Qxc6 17.Qxc6 Bxc6 18.Be3 Rad8 19.Red1 Rd7 20.d5 Ba8 21.a4 Rb8 22.h3 Bxc3
23.bxc3 Rxd5 24.Rxd5 Bxd5 25.a5 Rb7 26.axb6 axb6 27.Ra6 b5 28.Rb6 f6 29.Rxb7 Bxb7
30.f4 Kf7 31.Kf2 Ke6 32.Bc5 g5 33.g3 gxf4 34.gxf4 Kf7 35.h4 e6 36.Bb6 Kg6
37.Bd8 Kf5 38.Kg3 e5 39.fxe5 Kxe5 40.Kf2 f5 41.Bb6 Ke4 42.Bd8 f4 43.Bb6 Bc8  1/2-1/2

[Event "JUG-chT"]
[Site "Cetinje"]
[Date "1992.??.??"]
[Round "?"]
[White "Seirawan, Yasser"]
[Black "Dolmatov, Sergey"]
[Result "1/2-1/2"]
[WhiteElo "2605"]
[BlackElo "2610"]

1.d4 f5 2.Bg5 c6 3.e3 Qb6 4.Nd2 Qxb2 5.Rb1 Qc3 6.Ne2 Qa5 7.Nf4 g6 8.h4 Nf6
9.h5 Ne4 10.hxg6 Nxg5 11.Qh5 Ne4 12.g7+ Kd8 13.gxf8=Q+ Rxf8 14.Rd1 Nxd2 15.Rxd2 Qxa2
16.c4 Qa1+ 17.Rd1 Qc3+ 18.Rd2 Qc1+  1/2-1/2

[Event "Manila ol (Men)"]
[Site "Manila"]
[Date "1992.??.??"]
[Round "?"]
[White "Lputian, Smbat G"]
[Black "Seirawan, Yasser"]
[Result "1-0"]
[WhiteElo "2560"]
[BlackElo "2600"]

1.d4 d5 2.c4 dxc4 3.Nf3 c5 4.d5 e6 5.Nc3 exd5 6.Qxd5 Qxd5 7.Nxd5 Bd6 8.Nd2 Ne7
9.Nxc4 Nxd5 10.Nxd6+ Ke7 11.Nxc8+ Rxc8 12.g3 Nb4 13.Bh3 Rd8 14.O-O N8c6 15.Bg5+ f6
16.Be3 Nd4 17.Bg2 Nbc2 18.Bxd4 Nxd4 19.e3 Ne6 20.Bxb7 Rab8 21.Be4 Ng5 22.Bg2 Rxb2
23.h4 Ne6 24.Rfb1 Rb6 25.Bf1 f5 26.Bc4 g6 27.Rb3 Nf8 28.Rc1 h6 29.Ra3 Rd7
30.Ra5 Rc7 31.h5 Kf6 32.hxg6 Nxg6 33.Bb3 Rbc6 34.Bd5 Rb6 35.Rcxc5 Rxc5 36.Rxc5 Ne5
37.Bb3 Rd6 38.Kg2 Rd2 39.Rc2 Rxc2 40.Bxc2 Nc4 41.Kf3 Ne5+ 42.Ke2 Nc6 43.Kd2 Ne5
44.Bd1 Ke6 45.Kc3 Kd5 46.f4 Nd7 47.Bf3+ Ke6 48.e4 Nf8 49.e5 Ke7 50.Kc4 Ne6
51.a4 Nc7 52.g4 Ne6 53.gxf5 Nxf4 54.Kd4 Kd7 55.Bg4  1-0

[Event "Manila ol (Men)"]
[Site "Manila"]
[Date "1992.??.??"]
[Round "?"]
[White "Seirawan, Yasser"]
[Black "Arnason, Jon L"]
[Result "1/2-1/2"]
[WhiteElo "2600"]
[BlackElo "2515"]

1.d4 Nf6 2.c4 e6 3.Nf3 b6 4.Nc3 Bb4 5.Qb3 c5 6.a3 Bxc3+ 7.Qxc3 O-O 8.dxc5 bxc5
9.Bg5 Nc6 10.e3 h6 11.Bh4 g5 12.Bg3 Ne4 13.Qc2 f5 14.O-O-O Qf6 15.Bd3 Nxg3
16.hxg3 Bb7 17.Be2 Rad8 18.Ne1 Kg7 19.Nd3 d6 20.Bf3 Rf7 21.Rd2 Ne5 22.Nxe5 Qxe5  1/2-1/2

[Event "Roquebrune"]
[Site "Roquebrune"]
[Date "1992.??.??"]
[Round "?"]
[White "Karpov, Anatoly"]
[Black "Seirawan, Yasser"]
[Result "0-1"]
[WhiteElo "2725"]
[BlackElo "2600"]

1.d4 Nf6 2.c4 c5 3.d5 e5 4.Nc3 d6 5.e4 Be7 6.g3 O-O 7.Bg2 Ne8 8.h4 g6 9.h5 g5
10.Bh3 h6 11.Bxc8 Qxc8 12.Nf3 Ng7 13.Nh2 Nd7 14.Ng4 Kh7 15.Ne3 Nf6 16.Qe2 Ng8
17.Bd2 f5 18.exf5 Nxf5 19.Qd3 Kh8 20.Nxf5 Qxf5 21.Qxf5 Rxf5 22.g4 Rf7 23.Ke2 Raf8
24.Rhf1 Nf6 25.f3 Bd8 26.Nb5 Be7 27.Nxa7 e4 28.Bc3 Kh7 29.Bxf6 Bxf6 30.fxe4 Bxb2
31.Rxf7+ Rxf7 32.Rf1 Re7 33.Kd3 Be5 34.Rf8 Kg7 35.Rb8 Bh2 36.a4 Kf6 37.Nb5 Rd7
38.Re8 Be5 39.Re6+ Kg7 40.a5 Kh7 41.Kc2 Kg7 42.Kb3 Kh7 43.Ka4 Kg7 44.Na7 Bg3
45.Kb5 Kh7 46.Kb6 Kg7 47.Nb5 Kh7 48.Nc7 Be1 49.Ne8 Rf7 50.Nxd6 Rf2 51.Nxb7 Rc2
52.a6 Rb2+ 53.Kc6  0-1

[Event "Roquebrune rapid"]
[Site "Roquebrune"]
[Date "1992.??.??"]
[Round "2"]
[White "Ivanchuk, Vassily"]
[Black "Seirawan, Yasser"]
[Result "1/2-1/2"]
[WhiteElo "2720"]
[BlackElo "2600"]

1.d4 d6 2.g3 g6 3.Bg2 Bg7 4.Nf3 Nd7 5.c4 e5 6.Nc3 Ne7 7.O-O O-O 8.e3 h6 9.b3 f5
10.dxe5 Nxe5 11.Bb2 Nxf3+ 12.Qxf3 Nc6 13.Qe2 Ne5 14.Rad1 c6 15.Qd2 Nf7 16.Ne2 Be5
17.Bd4 Qf6 18.f4 Bxd4 19.Nxd4 Bd7 20.e4 Rae8 21.exf5 Bxf5 22.Rde1 Bd7 23.b4 a6
24.a4 Rxe1 25.Rxe1 Re8 26.Rxe8+ Bxe8 27.b5 axb5 28.axb5 Nd8 29.h4 Bf7 30.Qd3 c5
31.Ne2 Qe6 32.Bd5 Qf5 33.Qxf5 gxf5 34.Nc3 Be6 35.Kf2 Kg7 36.Kf3 h5 37.Ke3 Kf6
38.Kd3 Bxd5 39.Nxd5+ Kf7 40.Kc3 Ne6 41.Kb3 Nf8 42.Ka4 Nd7 43.Ka5 Ke6 44.Ne3 Kf6
45.Nd5+ Ke6 46.Ne3 Kf6  1/2-1/2

[Event "Roquebrune rapid"]
[Site "Roquebrune"]
[Date "1992.??.??"]
[Round "3"]
[White "Seirawan, Yasser"]
[Black "Polugaevsky, Lev"]
[Result "1/2-1/2"]
[WhiteElo "2600"]
[BlackElo "2630"]

1.d4 Nf6 2.c4 e6 3.Nf3 b6 4.Nc3 Bb7 5.Bg5 h6 6.Bh4 g5 7.Bg3 Nh5 8.e3 Nxg3
9.fxg3 Bg7 10.Bd3 Nc6 11.O-O g4 12.Nh4 Qg5 13.Qe2 f5 14.Bxf5 exf5 15.Rxf5 Qe7
16.Qf2 O-O-O 17.Rf7 Qg5 18.Rf5 Qe7 19.Rf7 Qg5 20.Rf5  1/2-1/2

[Event "Roquebrune rapid"]
[Site "Roquebrune"]
[Date "1992.??.??"]
[Round "4"]
[White "Larsen, Bent"]
[Black "Seirawan, Yasser"]
[Result "1/2-1/2"]
[WhiteElo "2535"]
[BlackElo "2600"]

1.e4 c6 2.d4 d5 3.exd5 cxd5 4.c3 Bf5 5.Bf4 e6 6.Bxb8 Qxb8 7.Bb5+ Kd8 8.Nf3 Bd6
9.O-O Nf6 10.Re1 Bg4 11.h3 Bxf3 12.Qxf3 Ke7 13.Nd2 Bh2+ 14.Kh1 Bf4 15.Nf1 a6
16.Bd3 Re8 17.g3 Bd6 18.Ne3 Kf8 19.Ng4 Nxg4 20.hxg4 h6 21.Kg2 Qd8 22.Rh1 Qf6
23.Qxf6 gxf6 24.Rxh6 Ke7 25.a4 Rh8 26.Rh4 Rhg8 27.f4 b5 28.Kf3 bxa4 29.Rxa4 a5
30.Rh2 Bc7 31.Bc2 Rh8 32.Rxh8 Rxh8 33.Kg2 Rb8 34.Ra2 e5 35.dxe5 fxe5 36.Kf3 e4+
37.Kg2 f6 38.b3 Bb6 39.c4 Kd6 40.cxd5 Kxd5 41.Ra4 Re8 42.Kf1 e3 43.Bd3 Rc8
44.Bc4+ Kc6 45.Ra2 Rd8 46.g5 fxg5 47.fxg5 Rd1+ 48.Ke2 Rd2+ 49.Rxd2 exd2 50.g6 Bd4
51.Kxd2 Kd6 52.Kd3 Ba1 53.Bf7 Ke7  1/2-1/2

[Event "Roquebrune rapid"]
[Site "Roquebrune"]
[Date "1992.??.??"]
[Round "5"]
[White "Seirawan, Yasser"]
[Black "Kortschnoj, Viktor"]
[Result "1-0"]
[WhiteElo "2600"]
[BlackElo "2585"]

1.d4 Nf6 2.Nf3 e6 3.Bg5 c5 4.e3 Be7 5.Nbd2 cxd4 6.exd4 b6 7.c3 Bb7 8.Bd3 d6
9.Bxf6 Bxf6 10.Be4 Bxe4 11.Nxe4 d5 12.Nxf6+ gxf6 13.Qd2 O-O 14.g4 Nd7 15.h4 Kh8
16.O-O-O Rg8 17.g5 Rc8 18.Kb1 Qe7 19.Rhg1 Rg7 20.Qf4 Rcg8 21.Rg3 a5 22.Qc7 fxg5
23.hxg5 f6 24.gxf6 Qxf6 25.Rdg1 Rxg3 26.Rxg3 Rxg3 27.Qxg3 Qg6+ 28.Qxg6 hxg6
29.Ng5 Nf8 30.Nf7+ Kg7 31.Ne5 Kf6 32.Kc2 Ke7 33.Kb3 Nd7 34.Nxd7 Kxd7 35.Ka4 g5
36.Kb5 Kc7 37.a4 g4 38.b4 Kd6 39.bxa5  1-0

[Event "Roquebrune rapid"]
[Site "Roquebrune"]
[Date "1992.??.??"]
[Round "9"]
[White "Seirawan, Yasser"]
[Black "Anand, Viswanathan"]
[Result "1/2-1/2"]
[WhiteElo "2600"]
[BlackElo "2670"]

1.d4 d5 2.c4 c6 3.cxd5 cxd5 4.Bf4 Nc6 5.e3 Nf6 6.Nc3 a6 7.Bd3 Bg4 8.Nf3 e6
9.Rc1 Be7 10.Qb3 Bxf3 11.gxf3 Na5 12.Qa4+ b5 13.Qd1 O-O 14.O-O Rc8 15.Qe2 Nh5
16.Bg3 f5 17.Be5 Nc4 18.f4 g6 19.Bxc4 bxc4 20.b3 Qa5 21.Nb1 cxb3 22.axb3 Nf6
23.Nd2 Rxc1 24.Rxc1 Qa2 25.Qd3 Ng4 26.Qc2 Qxc2 27.Rxc2 Nxe5 28.dxe5 Rb8 29.Rc6 Kf7
30.Rxa6 h6 31.Nf3 Bc5 32.Rc6 Rb5 33.b4 Bb6 34.Rc8 Rxb4 35.Rb8 Bc5 36.Rc8 Bb6
37.Rh8 Kg7 38.Rb8 g5 39.Nd4 Rxd4 40.exd4 Bxd4 41.Rb4 Bc3 42.Rb3 Bd2 43.Rb7+ Kf8
44.Rb8+ Kf7 45.Rb7+ Kf8  1/2-1/2

[Event "Roquebrune rapid"]
[Site "Roquebrune"]
[Date "1992.??.??"]
[Round "12"]
[White "Karpov, Anatoly"]
[Black "Seirawan, Yasser"]
[Result "0-1"]
[WhiteElo "2725"]
[BlackElo "2600"]

1.d4 d6 2.Nf3 g6 3.c4 Bg7 4.Nc3 e5 5.e4 Nc6 6.Bg5 f6 7.Be3 Nh6 8.dxe5 dxe5
9.Qxd8+ Kxd8 10.O-O-O+ Bd7 11.h3 Kc8 12.c5 Nf7 13.Bc4 Ncd8 14.b4 c6 15.Nd2 Be6
16.Be2 Bh6 17.Bxh6 Nxh6 18.Nc4 Ndf7 19.a4 Kc7 20.b5 Rad8 21.b6+ Kb8 22.Ne3 Rd4
23.Nc2 Rxd1+ 24.Rxd1 Rd8 25.Kb2 f5 26.a5 Ng8 27.Rxd8+ Nxd8 28.Ka3 Nf6 29.Bd3 fxe4
30.Nxe4 Nd7 31.Ne3 Bd5 32.Kb4 Ne6 33.Bc4 Nf4 34.Ng5 h6 35.Nf7 Bxf7 36.Bxf7 Nd3+
37.Kc4 N3xc5 38.Bxg6 axb6 39.axb6 Na4 40.Ng4 Naxb6+ 41.Kd3 Nd5 42.g3 Ne7
43.Bf7 Nf5 44.Kd2 Kc7 45.Be6 Nd4 46.Bxd7 Kxd7 47.Nxe5+ Ke6 48.Ng4 h5 49.Ne3 b5
50.Kd3 c5 51.f4 Nf5 52.g4 Ng3 53.Nc2 h4 54.Ne3 c4+ 55.Kd2 Ne4+ 56.Ke2 Nd6
57.Ng2 b4 58.Nxh4 b3 59.Kd2 Ne4+ 60.Kc1  0-1

[Event "Roquebrune rapid"]
[Site "Roquebrune"]
[Date "1992.??.??"]
[Round "13"]
[White "Seirawan, Yasser"]
[Black "Ivanchuk, Vassily"]
[Result "1/2-1/2"]
[WhiteElo "2600"]
[BlackElo "2720"]

1.d4 d5 2.c4 dxc4 3.e4 e5 4.Nf3 Bb4+ 5.Nc3 exd4 6.Qxd4 Qxd4 7.Nxd4 Nf6 8.f3 Bc5
9.Be3 Nc6 10.Nc2 Bxe3 11.Nxe3 Be6 12.O-O-O Ne5 13.Nb5 Rc8 14.Nxa7 Ra8 15.Nb5 Rc8
16.a3 Ke7 17.Nd4 g5 18.h4 h6 19.Nef5+ Bxf5 20.Nxf5+ Ke6 21.Kc2 Nfd7 22.g3 Nc5
23.Bh3 g4 24.fxg4 Ncd3 25.g5 hxg5 26.Ne3+ g4 27.Nxg4 Rcd8 28.Ne3+ Ke7 29.Rhf1 c6
30.g4 f6 31.h5 b5 32.Rf5 b4 33.Bf1 Rhg8 34.h6 b3+ 35.Kc3 Nc5 36.Rxd8 Rxd8
37.Bxc4 Nxe4+ 38.Kxb3 Nd2+ 39.Kb4 Rb8+ 40.Kc3 Ne4+ 41.Kc2 Nd6 42.Rf4 Rh8
43.Be2 Rxh6 44.a4 Rh2 45.Kd2 c5 46.b3 Nc6 47.Ke1 Nd4 48.Bd1 Ke6 49.Rf2 Rh1+
50.Rf1 Rh3 51.Ng2 Ke5 52.Nf4 Rc3 53.Ne2 Nxe2 54.Kxe2 c4 55.bxc4 Rxc4 56.Kd3 Rd4+
57.Kc3 Ne4+ 58.Kb2 Nc5 59.Rf5+ Kd6 60.Rxf6+ Kc7 61.Rf1 Nxa4+ 62.Bxa4 Rxa4
63.Rg1 Kd6 64.Kc3 Ke7 65.Kd3  1/2-1/2

[Event "Roquebrune rapid"]
[Site "Roquebrune"]
[Date "1992.??.??"]
[Round "14"]
[White "Polugaevsky, Lev"]
[Black "Seirawan, Yasser"]
[Result "0-1"]
[WhiteElo "2630"]
[BlackElo "2600"]

1.c4 e5 2.Nc3 Nc6 3.Nf3 Nf6 4.d3 g6 5.g3 Bg7 6.Bg2 O-O 7.O-O d6 8.Rb1 Nh5
9.b4 Nd4 10.Nd2 f5 11.e3 Ne6 12.Bb2 Nf6 13.f4 Ng4 14.Rf3 c6 15.h3 Nf6 16.b5 Re8
17.bxc6 bxc6 18.Rf2 Bd7 19.fxe5 dxe5 20.Nf3 Nc5 21.Rd2 Qc7 22.Ba3 Ne6 23.Qe1 Rab8
24.Rdb2 Rxb2 25.Rxb2 e4 26.dxe4 Nxe4 27.Nxe4 fxe4 28.Nh2 Nc5 29.Qb4 Bxb2
30.Qxb2 Nd3 31.Qd4 Qxg3 32.Nf1 Qf2+ 33.Kh1 Bf5 34.Bd6 Ne1 35.Qd2 Qxg2+ 36.Qxg2 Nxg2
37.Kxg2 Rd8 38.c5 Rd7 39.Nd2 Rb7 40.Nb3 Be6 41.Nd4 Bd5 42.Kg3 Rb2 43.Kf4 Rxa2
44.Ke5 a5 45.Bc7 a4 46.Kd6 a3 47.Nxc6 Bxc6 48.Kxc6 Kf7 49.Be5 Ke6 50.Bd4 Rd2  0-1

[Event "Roquebrune rapid"]
[Site "Roquebrune"]
[Date "1992.??.??"]
[Round "15"]
[White "Seirawan, Yasser"]
[Black "Larsen, Bent"]
[Result "1-0"]
[WhiteElo "2600"]
[BlackElo "2535"]

1.d4 Nf6 2.c4 e6 3.Nf3 Bb4+ 4.Nbd2 b6 5.a3 Bxd2+ 6.Qxd2 Bb7 7.e3 d6 8.Be2 Nbd7
9.O-O O-O 10.b3 Ne4 11.Qc2 f5 12.Ne1 Qe7 13.f3 Nef6 14.Nd3 e5 15.Nf2 Rae8
16.d5 g6 17.b4 h5 18.a4 h4 19.a5 Nh5 20.axb6 axb6 21.Ra7 Rb8 22.Bd3 Qf6 23.Nh3 g5
24.e4 Nf4 25.exf5 b5 26.Be4 Qg7 27.c5 Nf6 28.Bxf4 exf4 29.Nf2 Rfe8 30.h3 Qe7
31.Rd1 Qe5 32.c6 Bc8 33.Ng4 Nxg4 34.hxg4 Re7 35.Kh2 Kf8 36.Qd2 h3 37.Qd4 Qxd4
38.Rxd4 hxg2 39.Kxg2 Kg7 40.Rd2 Kf6 41.Kf2 Rh7 42.Ke2 Rh1 43.Rda2 Rc1 44.Ra8 Rxa8
45.Rxa8  1-0

[Event "Roquebrune rapid"]
[Site "Roquebrune"]
[Date "1992.??.??"]
[Round "16"]
[White "Kortschnoj, Viktor"]
[Black "Seirawan, Yasser"]
[Result "1/2-1/2"]
[WhiteElo "2585"]
[BlackElo "2600"]

1.Nf3 d5 2.d4 c5 3.c4 dxc4 4.e4 cxd4 5.Qxd4 Qxd4 6.Nxd4 Bd7 7.Nc3 Nc6 8.Nxc6 Bxc6
9.Bxc4 e6 10.Ke2 a6 11.Be3 Nf6 12.f3 Nd7 13.a4 Bd6 14.Nb5 axb5 15.axb5 Ke7
16.bxc6 bxc6 17.f4 Bc5 18.Rhd1 Bxe3 19.Kxe3 Nb6 20.Be2 c5 21.Bb5 Rxa1 22.Rxa1 Ra8
23.Ra3 f6 24.Kd2 e5 25.Rg3 g6 26.Rh3 Rh8 27.Rc3 exf4 28.Rxc5 Rc8 29.Rxc8 Nxc8
30.Kc3 Kd6 31.Kd4 g5 32.h3 h5 33.Be2 h4 34.b4 Nb6 35.Bg4 Na8 36.b5 Nb6 37.Bf5 Na4
38.Bg4  1/2-1/2

[Event "Roquebrune rapid"]
[Site "Roquebrune"]
[Date "1992.??.??"]
[Round "21"]
[White "Seirawan, Yasser"]
[Black "Adams, Michael"]
[Result "1-0"]
[WhiteElo "2600"]
[BlackElo "2590"]

1.d4 e6 2.Nf3 Nf6 3.c4 Bb4+ 4.Nbd2 O-O 5.a3 Be7 6.e4 d5 7.Bd3 dxe4 8.Nxe4 Nc6
9.Be3 Ng4 10.O-O Nxe3 11.fxe3 f5 12.Nc3 Bf6 13.Bc2 g6 14.Qe2 Qe7 15.Rad1 Bd7
16.e4 fxe4 17.Bxe4 Rae8 18.Nb5 Bc8 19.Rfe1 a6 20.Nc3 Nd8 21.b4 Kh8 22.c5 Nf7
23.Kh1 Ng5 24.Nxg5 Bxg5 25.Bf3 Bf6 26.Qe3 Qd8 27.Ne4 Bg7 28.Nf2 Qe7 29.Nd3 c6
30.Ne5 Rd8 31.Nc4 Qh4 32.Nd6 Bh6 33.Qe5+ Bg7 34.Qg3 Qf4 35.Re4 Qxg3 36.hxg3 Rxd6
37.cxd6 Rd8 38.Rde1 Rxd6 39.Bg4 Rd5 40.Bxe6 Bxe6 41.Rxe6 Bxd4 42.g4 Kg7 43.Kh2 Kh6
44.Kg3 Kg5 45.Kf3 a5 46.Rd1 axb4 47.axb4 Re5 48.Rxe5+ Bxe5 49.Rd7 b5 50.Rxh7 Bc3
51.Rc7 Bxb4 52.Rxc6 Be7 53.Re6 Bf6 54.Rb6 Bd4 55.Rxb5+ Kf6 56.g5+ Ke6 57.Ke4 Bg7
58.Rb6+ Kf7 59.Rb7+ Kg8 60.Kd5 Bc3 61.Ke6 Ba1 62.g3 Bc3 63.Rb3 Ba1 64.g4 Kg7
65.Ra3 Bb2 66.Ra2 Bc3 67.Kd5 Kg8 68.Kc4 Be5 69.Rc2 Bf4 70.Kd4 Bxg5 71.Ke5 Kf7
72.Rc7+ Kg8 73.Rb7 Bh4 74.Ke6 Bg5 75.Rb5 Bh4 76.g5 Kg7 77.Rb7+ Kg8 78.Kf6  1-0

[Event "Roquebrune rapid"]
[Site "Roquebrune"]
[Date "1992.??.??"]
[Round "22"]
[White "Ljubojevic, Ljubomir"]
[Black "Seirawan, Yasser"]
[Result "1/2-1/2"]
[WhiteElo "2610"]
[BlackElo "2600"]

1.e4 c5 2.Nf3 e6 3.d4 cxd4 4.Nxd4 a6 5.c4 Nf6 6.Nc3 d6 7.Be2 b6 8.O-O Bb7
9.f3 Nbd7 10.Be3 Be7 11.Rc1 O-O 12.b4 Rc8 13.Qb3 Rc7 14.Rfd1 Qb8 15.a4 Rfc8
16.Nc2 Ba8 17.Na3 h6 18.Bf1 g5 19.Rc2 Ne5 20.Bd4 Nc6 21.Bf2 Ne5 22.Rcd2 Ne8
23.Na2 Qb7 24.Qe3 Rb8 25.Rb1 Qc8 26.Nc1 Bf6 27.Nb3 Qd7 28.Ra2 Qxa4 29.Qd2 Qd7
30.Rc1 Qc8 31.Bd4 Bc6 32.Qe3 Qb7 33.Rb1 Bd7 34.Nd2 Ng6 35.Bxf6 Nxf6 36.Qd4 Ne8
37.Nc2 Qc8 38.Ne3 Kh7 39.Rba1 Ra7 40.Nb1 Qb7 41.Nc3 Raa8 42.Rb1 Bc8 43.Ng4 Qe7
44.Rba1 Ra7 45.Na4 Rab7 46.Nb2 Rd7 47.Nd3 Qf8 48.Qf2 Qg7 49.Ne3 Rc7 50.Rd1 h5
51.g3 Bb7 52.Ne1 Ne5 53.Ra3 Rbc8 54.Be2 Qg6 55.N1g2 f6 56.f4 gxf4 57.gxf4 Nf7
58.f5 exf5 59.exf5 Qg5 60.h4 Qh6 61.Nf4 Ng7 62.Kh2 Ne5 63.Nfd5 Bxd5 64.Rxd5 b5
65.Rxd6 Nf7 66.Rdxa6 bxc4 67.Nd5 Rc6 68.b5 Rd6 69.Rxd6 Nxd6 70.b6 Ngxf5 71.Ra7+ Ng7
72.Nxf6+ Kh8 73.b7 Nxb7 74.Rxb7 Rf8 75.Rb6 Ne8 76.Bxc4 Nxf6 77.Qd4 Qg7 78.Kh1 Ng4
79.Qxg7+ Kxg7 80.Be2 Rf4  1/2-1/2

[Event "Sao Paulo m"]
[Site "Sao Paulo"]
[Date "1992.??.??"]
[Round "2"]
[White "Mecking, Henrique"]
[Black "Seirawan, Yasser"]
[Result "1/2-1/2"]
[WhiteElo "2610"]
[BlackElo "2600"]

1.d4 Nf6 2.c4 e6 3.Nf3 Bb4+ 4.Bd2 Qe7 5.g3 Nc6 6.Bg2 Bxd2+ 7.Nbxd2 d6 8.O-O O-O
9.e4 e5 10.d5 Nb8 11.Ne1 a5 12.Nd3 Na6 13.f4 Nd7 14.Qf3 Ndc5 15.Nxc5 Nxc5
16.f5 Bd7 17.Qe3 f6 18.Bf3 g5 19.h4 gxh4 20.gxh4 Kh8 21.Kh2 Rg8 22.Rg1 b6
23.Rxg8+ Rxg8 24.Rg1 Rxg1 25.Kxg1 Qg7+ 26.Kh2 Kg8 27.Nf1 Kf8 28.Ng3 Be8 29.Kh3 Ke7
30.b3 Nb7 31.a3 Nd8 32.b4 axb4 33.axb4 Kf8 34.Bh5 Bf7 35.c5 bxc5 36.bxc5 Nb7
37.c6 Nc5 38.Be2 Kg8 39.Nf1 Qf8 40.Nh2 Kh8 41.Bf3 Qg7 42.Nf1 Qf8 43.Ng3 Kg7
44.Bh5  1/2-1/2

[Event "Sao Paulo m"]
[Site "Sao Paulo"]
[Date "1992.??.??"]
[Round "4"]
[White "Mecking, Henrique"]
[Black "Seirawan, Yasser"]
[Result "1/2-1/2"]
[WhiteElo "2610"]
[BlackElo "2600"]

1.d4 d5 2.c4 dxc4 3.e4 e5 4.Nf3 Bb4+ 5.Bd2 Bxd2+ 6.Nbxd2 exd4 7.Bxc4 Nc6
8.O-O Nh6 9.Nb3 O-O 10.Nbxd4 Nxd4 11.Qxd4 Bg4 12.Qc3 Bxf3 13.Qxf3 Qd4 14.Qe2 Rfe8
15.Rfe1 Rad8 16.Rad1 Qe5 17.Rxd8 Rxd8 18.Bb3 Kf8 19.h3 c6 20.g3 a5 21.Qe3 Qxb2
22.Qb6 Rd7 23.Qxa5 Qd2 24.Qa3+ Qd6 25.Qa8+ Ke7 26.Qa5 Qc7 27.Qg5+ Kf8 28.e5 Qd8
29.Qf4 Rd4 30.Qe3 Rd3 31.Qc5+ Qe7 32.Qc4 Rd8 33.e6 Nf5 34.Qc2 g6 35.Qc3 f6
36.Re4 c5 37.Qa5 Qd6 38.e7+ Nxe7 39.Re6 Qd4 40.Rxf6+ Qxf6 41.Qxd8+ Kg7 42.Qd7 b6
43.h4 h5 44.a4 Kh6 45.Qd2+  1/2-1/2

[Event "Sao Paulo m"]
[Site "Sao Paulo"]
[Date "1992.??.??"]
[Round "6"]
[White "Mecking, Henrique"]
[Black "Seirawan, Yasser"]
[Result "1/2-1/2"]
[WhiteElo "2610"]
[BlackElo "2600"]

1.d4 Nf6 2.c4 e6 3.Nf3 Bb4+ 4.Bd2 Qe7 5.g3 Nc6 6.Bg2 Bxd2+ 7.Nbxd2 d6 8.O-O O-O
9.e4 e5 10.d5 Nb8 11.Ne1 a5 12.Nd3 Na6 13.f4 Nd7 14.f5 Ndc5 15.Qe2 Bd7 16.Nxc5 Nxc5
17.Qe3 f6 18.b3 b5 19.cxb5 Bxb5 20.Rfc1 c6 21.dxc6 Qc7 22.Rc3 Qxc6 23.Bf1 Rfb8
24.Bc4+ Bxc4 25.Rxc4 Rb5 26.Rac1 Qb7 27.Nb1 Rb4 28.Nc3  1/2-1/2

[Event "Tilburg"]
[Site "Tilburg"]
[Date "1992.??.??"]
[Round "1"]
[White "Seirawan, Yasser"]
[Black "Andersson, Ulf"]
[Result "1/2-1/2"]
[WhiteElo "2605"]
[BlackElo "2605"]

1.e4 c5 2.Nf3 d6 3.d4 cxd4 4.Nxd4 Nf6 5.Nc3 a6 6.Bg5 e6 7.f4 Qb6 8.Nb3 Be7
9.Qf3 Qc7 10.O-O-O Nc6 11.Bh4 O-O 12.g4 b5 13.Bxf6 Bxf6 14.g5 Be7 15.h4 b4
16.Ne2 Bb7 17.Kb1 Rac8 18.Rd2 d5 19.e5 d4 20.Bg2 Rfd8 21.Qh3 a5 22.Nbc1 a4
23.Rhd1 a3 24.b3 Bf8 25.Qh1 Qb6 26.h5 Ba6 27.Be4 Ne7 28.Rxd4 Rxd4 29.Rxd4 Nf5
30.Bxf5 exf5 31.Qd1 Qc6 32.Rd8 Rxd8 33.Qxd8 Bxe2 34.Nxe2 Qh1+ 35.Nc1 Qxh5
36.Qc8 Qg6 37.Nd3 Qb6 38.Qxf5 Qg1+ 39.Nc1 Qd4 40.Nd3 Qg1+ 41.Nc1 Qd4 42.Nd3 Qg1+  1/2-1/2